El brazo de Dios: una visión cristiana de la historia

Guardat en:
Dades bibliogràfiques
Autor principal: Huber, Georges (Autor)
Format: Llibre
Idioma:espanyol
Publicat: Madrid Rialp 1980
Matèries:
Etiquetes: Afegir etiqueta
Sense etiquetes, Sigues el primer a etiquetar aquest registre!

MARC

LEADER 00000nam a2200000 a 4500
001 UCT6190
003 CL-VaPUC
008 970106e19800000SP |||||||||||||||||spa|d
082 0 4 |a 231.76  |b HUB  |2 21 
100 0 |a Huber, Georges  |e author  |9 376084 
245 1 3 |a El brazo de Dios: una visión cristiana de la historia 
300 |a 348 p 
942 |c BK 
945 |d 19970106 00:00:00  |a paguirre 
260 |a Madrid  |b Rialp  |c 1980 
600 0 |a Dios  |9 314467 
650 0 |a Historia  |9 255047 
650 0 |a Cristianismo  |9 257361 
650 0 |a Mal  |9 323721 
650 0 |a Ética  |9 255099 
650 0 |a Religión   |9 255164 
583 |a last modification  |c 19970106 00:00:00  |k Rodrigo Vera 
999 |c 254906  |d 254904 
952 |0 0  |1 0  |4 0  |6 231_760000000000000_HUB_1980  |7 0  |8 A  |9 276874  |a BIBDER  |b BIBDER  |d 2019-11-19  |i 1800256  |o 231.76 HUB 1980  |p 1800256  |r 2023-01-25  |w 2019-11-19  |y BK  |k DER